| 000 | 00354nam a2200133Ia 4500 | ||
|---|---|---|---|
| 008 | 150201s2006 xx 000 0 und d | ||
| 082 |
_a610.72 _bB06L |
||
| 100 | _aLARSON, RICHARD R. | ||
| 245 | _aBIOINFORMATICS AND DURG DISCONERY | ||
| 260 |
_bSPRINGER _aDELHI _c2006 |
||
| 300 | _a1-444 | ||
| 650 | _aOTHER CLINICAL & NON CLINICAL BOOKS | ||
| 942 |
_2ddc _cBK |
||
| 999 |
_c584 _d584 |
||